00627nam a2200241Ia 4500008004100000040001200041082001600053082001500069100001900084245004500103300001200148300000600160300001400166530001600180530001700196563001000213600001900223630004500242650002100287650001300308700001900321730004500340160321s9999||||xx |||||||||||||| ||und|| cEnglish aXIE/Macmunn bBORI-30894 aGeorge Macmunn 4aThe Religions And Hidden Cults Of India aXii+244 cB eHardbound bH. V. Dixit u00060776.pdf aStudy aGeorge Macmunn aThe Religions And Hidden Cults Of India aGeneral Indology aReligion aGeorge Macmunn aThe Religions And Hidden Cults Of India